|
|
|
|
| LEADER |
00000naa a2200000uu 4500 |
| 001 |
vtls011034018 |
| 003 |
SK-MaSNL |
| 005 |
20260302124806.0 |
| 008 |
220817|2002 xo |||||||||||||||||cze| |
| 015 |
|
|
|a SNBRA
|
| 035 |
|
|
|a (urnnbn)urn:nbn:sk:snk:ar-008sid
|
| 035 |
|
|
|a (uuid)a589b8bc-4e29-45ce-a81e-de13088f92cc
|
| 035 |
|
|
|a urn:nbn:sk:snk-aauoco
|
| 040 |
|
|
|a SNKBUCL
|b slo
|c SNKBUCL
|e AACR2
|
| 041 |
0 |
|
|a cze
|
| 044 |
|
|
|a xo
|c SK
|
| 100 |
1 |
|
|a Hlavatý, Ivo
|4 aut
|9 699573
|
| 245 |
1 |
0 |
|a Navařování kolejnic pod tavidlem
|c Ivo Hlavatý, Zdeněk Kübel
|
| 700 |
1 |
|
|a Kübel, Zdeněk
|4 aut
|9 699576
|
| 773 |
0 |
|
|t Zváranie a naváranie koľajníc
|d Žilina : Dom techniky ZSVTS, 2002
|g S. 42-48
|z 8023103539
|
| 954 |
|
|
|a odborná, vedecká literatúra pôvodná (slovenská)
|2 lita
|
| 954 |
|
|
|a odborná, vedecká literatúra cudzojazyčná (svetová)
|2 lita
|
| 958 |
|
|
|a OND
|
| 958 |
|
|
|a article12
|
| 958 |
|
|
|a chapter
|
| 999 |
|
|
|c 1290140
|d 1292070
|